Estatutos y reglamento del Montepío de San Cristóbal (Choferes de Barcelona) : fundado en 16 de marzo de 1906 fundado en 16 de marzo de 1906
Descripción Física:
45 p. ; 15 cm
MARC
| LEADER | 00000nam a2200000Ia 4500 | ||
|---|---|---|---|
| 001 | 15249 | ||
| 008 | 160829s1948 xx 000 0 cat d | ||
| 080 | |a FU-35-37 | ||
| 100 | |a Montepío de San Cristóbal, Chóferes de Barcelona |9 21721 | ||
| 245 | |a Estatutos y reglamento del Montepío de San Cristóbal (Choferes de Barcelona) : |b fundado en 16 de marzo de 1906 | ||
| 260 | |a Barcelona : |b [el Montepío], |c 1948 | ||
| 300 | |a 45 p. ; |c 15 cm | ||
| 650 | |a Montepío de San Cristóbal, Chóferes de Barcelona |x Estatuts |9 21722 | ||
| 650 | |a Montepío de San Cristóbal, Chóferes de Barcelona |x Reglaments i procediment |9 25153 | ||
| 856 | 4 | |u https://media.diba.cat/diba/fitxers/arxiu/fulletons/bib_15249_baixa.pdf |y Accés lliure | |
| 856 | 4 | |u https://media.diba.cat/diba/fitxers/arxiu/fulletons/bib_15249_baixa.pdf |y Accés lliure | |
| 901 | |a Arxiu | ||
| 942 | |n 1 |2 udc | ||
| 952 | |0 0 |1 0 |4 0 |6 FU3537 |7 1 |9 43472 |a Arxiu |b Arxiu |d 2016-12-01 |l 0 |o FU-35-37 |p 15249 |r 2016-12-01 00:00:00 |w 2016-12-01 |y ARXIU | ||
| 999 | |c 46018 |d 46018 | ||
| 900 | |a bib_15249_baixa.pdf | ||